000 00642nam a22001937a 4500
999 _c11618
_d11618
003 OSt
005 20200207091905.0
008 181213b ||||| |||| 00| 0 eng d
022 _a00116009
040 _c0
082 _aDPer 792.805 D19 Mar-Aug 2016 v. 90, n. 3-8
100 _aRivers, Ashley.
_933243
245 _aDancer-preneurs:
_bhow building a side business within the dance world can transform your career/
_cAshley Rivers.
260 _aNew York:
_bDance Media,
_c©Mar-Aug 2016.
300 _av90 n6, page 54.
_bcolored illustrations:
_c25 cm.
500 _adance magazine
650 _aBallet
_xDancers.
_933257
942 _2ddc
_cPER